Proyecto barrio : (Registro nro. 10046)

Detalles MARC
000 -LEADER
campo de control de longitud fija 02348cam a2200457Mi 4500
003 - IDENTIFICADOR DE NÚMERO DE CONTROL
campo de control PE-LiUPU
005 - FECHA Y HORA DE LA ÚLTIMA TRANSACCIÓN
campo de control 20250731183345.0
008 - DATOS DE LONGITUD FIJA--INFORMACIÓN GENERAL
campo de control de longitud fija 140509s2013 pe a b 000 0 spa d
035 ## - NÚMERO DE CONTROL DEL SISTEMA
Número de control de sistema (Sirsi) a157374
040 ## - FUENTE DE CATALOGACIÓN
Centro catalogador/agencia de origen H7K
Lengua de catalogación spa
Normas de descripción rda
Centro/agencia transcriptor H7K
Centro/agencia modificador FUG
-- OCLCQ
-- PE-LiUPU
049 ## - FONDOS LOCALES (OCLC)
Biblioteca depositaria PRUA
082 04 - NÚMERO DE LA CLASIFICACIÓN DECIMAL DEWEY
Número de clasificación 711
Cutter M86
Número de edición 23
100 1# - ENTRADA PRINCIPAL--NOMBRE DE PERSONA
Nombre de persona Morgan, Sebastián,
Fechas asociadas al nombre 1973-,
Término indicativo de función/relación autor.
245 10 - MENCIÓN DEL TÍTULO
Título Proyecto barrio :
Resto del título La calle para todos /
Mención de responsabilidad, etc. [textos Sebastián Solari Morgan ; edicion de textos Claudine Gruenberg].
250 ## - MENCION DE EDICION
Mención de edición Inurritegui].
264 #1 - PRODUCCIÓN, PUBLICACIÓN, DISTRIBUCIÓN, FABRICACIÓN Y COPYRIGHT
Producción, publicación, distribución, fabricación y copyright Lima, Perú :
Nombre del de productor, editor, distribuidor, fabricante Ediciones Arteta,
Fecha de producción, publicación, distribución, fabricación o copyright 2013.
300 ## - DESCRIPCIÓN FÍSICA
Extensión 155 páginas :
Otras características físicas illustraciones ;
Dimensiones 24 centímetros.
336 ## - TIPO DE CONTENIDO
Término de tipo de contenido text
Código de tipo de contenido txt
Fuente rdacontent
337 ## - TIPO DE MEDIO
Nombre/término del tipo de medio unmediated
Código del tipo de medio n
Fuente rdamedia
338 ## - TIPO DE SOPORTE
Nombre/término del tipo de soporte volume
Código del tipo de soporte nc
Fuente rdacarrier
504 ## - NOTA DE BIBLIOGRAFÍA, ETC.
Nota de bibliografía, etc. Bibliografía : páginas 147-151.
505 8# - NOTA DE CONTENIDO CON FORMATO
Nota de contenido con formato Introducción. Proyecto Barrio -- Las calles y plazas reforestadas -- Barrio de los Santos -- Barrio de los Incas -- Prácticas culturales -- Arboricultura urbana -- Arte y festividades -- Zonificación -- Zona de tráfico calmado -- La ventana -- Denuncias.
526 ## - NOTA DE INFORMACIÓN SOBRE EL PROGRAMA DE ESTUDIO
Nombre del programa Maestría Bim Facility Management (A distancia)
526 ## - NOTA DE INFORMACIÓN SOBRE EL PROGRAMA DE ESTUDIO
Nombre del programa
526 ## - NOTA DE INFORMACIÓN SOBRE EL PROGRAMA DE ESTUDIO
Nombre del programa Educación musical y artes
526 ## - NOTA DE INFORMACIÓN SOBRE EL PROGRAMA DE ESTUDIO
Nombre del programa Educación, especialidad educación física
526 ## - NOTA DE INFORMACIÓN SOBRE EL PROGRAMA DE ESTUDIO
Nombre del programa Arquitectura
541 ## - NOTA DE FUENTE DE ADQUISICIÓN DIRECTA
-- 003-001194;
596 ## -
-- 1
650 #0 - PUNTO DE ACCESO ADICIONAL DE MATERIA--TÉRMINO DE MATERIA
Término de materia o nombre geográfico como elemento de entrada La planificación urbana
Subdivisión geográfica Peru
-- Barranco
Subdivisión general Participacion ciudadana.
650 #0 - PUNTO DE ACCESO ADICIONAL DE MATERIA--TÉRMINO DE MATERIA
Término de materia o nombre geográfico como elemento de entrada Desarrollo comunitario
Subdivisión geográfica Peru
-- Barranco.
650 #0 - PUNTO DE ACCESO ADICIONAL DE MATERIA--TÉRMINO DE MATERIA
Término de materia o nombre geográfico como elemento de entrada Open spaces
Subdivisión geográfica Peru
-- Barranco.
650 #0 - PUNTO DE ACCESO ADICIONAL DE MATERIA--TÉRMINO DE MATERIA
Término de materia o nombre geográfico como elemento de entrada Trabajos públicos
Subdivisión geográfica Peru
-- Barranco
Subdivisión general Participacion ciudadana.
650 #0 - PUNTO DE ACCESO ADICIONAL DE MATERIA--TÉRMINO DE MATERIA
Término de materia o nombre geográfico como elemento de entrada Las áreas de recreación
Subdivisión geográfica Peru
-- Barranco.
942 ## - ELEMENTOS DE ENTRADA SECUNDARIOS (KOHA)
Fuente del sistema de clasificación o colocación Clasificación Decimal Dewey
Tipo de ítem Koha
949 ## - PROCESAMIENTO DE INFORMACIÓN LOCAL (OCLC)
a 711 G81
w DEWEY
c 1
i 73891
l CCODEBUL1
m BUL
p 19.80
r 0
s Y
t BOOK
u 2016-06-20
x INGENIERIA
-- P06
0 COMPRA
o .STAFF. Colección General
949 ## - PROCESAMIENTO DE INFORMACIÓN LOCAL (OCLC)
a 711 G81
w DEWEY
c 2
i 73892
l CCODEBUL1
m BUL
p 19.80
r 0
s Y
t BOOK
u 2016-06-20
x INGENIERIA
-- P06
0 COMPRA
o .STAFF. Colección General
994 ## -
-- C0
-- PEPRU
999 ## - NÚMEROS DE CONTROL DE SISTEMA (KOHA)
-- DEWEY
-- 73891
-- 2019-8-14
-- 2021-11-9
-- 7
-- CCODEBUL1
-- BUL
-- 4
-- 19.80
-- 3
-- 0
-- Y
-- BOOK
-- 2016-6-20
-- INGENIERIA
-- P06
-- COMPRA
-- .STAFF. Colección General
999 ## - NÚMEROS DE CONTROL DE SISTEMA (KOHA)
-- DEWEY
-- 73892
-- 2018-4-15
-- 2021-11-9
-- 7
-- CCODEBUL1
-- BUL
-- 6
-- 19.80
-- 1
-- 0
-- Y
-- BOOK
-- 2016-6-20
-- INGENIERIA
-- P06
-- COMPRA
-- .STAFF. Colección General
980 ## - EQUIVALENCIA O REFERENCIA-CRUZADA-MENCIÓN DE SERIE--NOMBRE DE PERSONA/TÍTULO [LOCAL, CANADÁ]
ID del último usuario que modificó el registro 1
Nombre del último usuario que modificó el registro ALBERTO SANCHEZ Responsable de Automatización
Existencias
Visto por última vez Número de inventario Total de préstamos Signatura topográfica completa Código de barras Fecha del último préstamo Copia número Coste, precio de reemplazo Fecha de reemplazo Facultad Tipo de ítem Koha Nota pública Estado de pérdida Fuente del sistema de clasificación o colocación Restricciones de uso No para préstamo Colección Programa académico Biblioteca de origen Biblioteca actual Ubicación en estantería Fecha de adquisición Fuente de adquisición Coste, precio normal de compra
2025-12-03 8 6 711 G81 73891 2025-04-07 e1 24.80 2016-06-20 FIA Libros físicos inventario-2023-12-13 No Perdido Clasificación Decimal Dewey No restringido Disponible para préstamos Colección General Arquitectura Biblioteca CRAI UPeU Lima Biblioteca CRAI UPeU Lima Sala principal 2016-06-20 COMPRA 19.80
2026-04-16 8 7 711 G81 73892 2026-04-06 e2 24.80 2016-06-20 FIA Libros físicos inventario-2023-12-13 No Perdido Clasificación Decimal Dewey No restringido Disponible para préstamos Colección General Arquitectura Biblioteca CRAI UPeU Lima Biblioteca CRAI UPeU Lima Sala principal 2016-06-20 COMPRA 19.80